Word Ladder: Conifer Container Quiz Stats

 Plays Quiz Updated Jan 24, 2013

Support Sporcle.
Go Orange.
Score 0/14 Timer 01:30
0 Plays Today
Hint 4-Letter Word % Correct
Umbilical ___CORD
98.1%
Ulna, femur, tibia, e.g.BONE
97%
ID a bar patron, perhapsCARD
96.3%
Section of a hospitalWARD
95.3%
Tool to help someone walkCANE
94.5%
By oneselfLONE
94.4%
Hermione Granger's weaponWAND
93.9%
Hint 4-Letter Word % Correct
Golf course cryFORE
93.4%
US President between Nixon and CarterFORD
92.7%
Drill a holeBORE
92.4%
Get smaller, like the full moonWANE
92.2%
Shortest way from A to BLINE
86.8%
Ice cream holderCONE
82.3%
Evergreen tree type; long forPINE
80.8%

Today's Daily Dose

You're not logged in!

Compare scores with friends on all Sporcle quizzes.
OR
Log In

From the Vault

'Friends' Characters by Image

by sproutcm

I mean, what's not to like? Custard, good. Jam, good. Meat, good!
Remove Ads.
Support Sporcle.
Get the best of Sporcle when you Go Orange. This ad-free experience offers more features, more stats, and more fun while also helping to support Sporcle. Thank you for becoming a member.

Show Comments

Extras

Top Quizzes Today


Score Distribution

Your Account Isn't Verified!

In order to create a playlist on Sporcle, you need to verify the email address you used during registration. Go to your Sporcle Settings to finish the process.

Report this User

Report this user for behavior that violates our Community Guidelines.

Details: